How we travel

Bibliographic Details
Main Author: Weber, Rebecca
Format: Book
Published: Minnesota : Compass Point Books , 2005
Series:Spyglass book
Subjects:

MARC

LEADER 00000cam a2200000 7i4500
001 0000107321
005 20070515.0
020 |a 0756506522 
090 0 0 |a 001.3   |b WEB 
100 1 |a Weber, Rebecca 
245 1 0 |a How we travel   |c Rebecca Weber 
260 |a Minnesota :   |b Compass Point Books ,   |c 2005 
300 |a 24p. ;   |c 22cm. 
490 0 |a Spyglass book 
650 0 0 |a General knowledge   |x Juvenile literature 
650 0 0 |a Transportation   |x Juvenile literature 
999 |a 00202662   |b BUKU   |c JUNIOR BOOKS   |e PERPUSTAKAAN KOMUNITI PETALING JAYA